| 000 | 00713nam a22002297a 4500 | ||
|---|---|---|---|
| 005 | 20140826145716.0 | ||
| 010 | _aENG-110602 | ||
| 020 |
_a9788120350007 _c495.00 |
||
| 035 | _aEN-94134 | ||
| 037 | _bDBAD/PUB | ||
| 082 | _a621.38152 | ||
| 100 | _aStreetman, Ben G. | ||
| 245 |
_aSolid state electronic devices / _cby Ben G. Streetman [and] Sanjay Kumar Banerjee |
||
| 250 | _a7th ed | ||
| 260 |
_aDelhi _bPHI Learning _c2014 |
||
| 270 |
_aRimjhim House, 111, Patparganj Industrial Estate _bDelhi _e110092 |
||
| 300 |
_axviii,596p. : _c25cm(pbk) _bill. |
||
| 500 | _aIncludes index | ||
| 650 | _a Semiconductors. | ||
| 700 | _aBanerjee, Sanjay Kumar | ||
| 942 |
_2ddc _cEN _mSTR _h621.38152 |
||
| 999 |
_c87596 _d87596 |
||